Influencia de la propaganda de radio en una comunidad costarricense /

Guardat en:
Dades bibliogràfiques
Autor principal: Melesio Nolasco, María Soledad
Format: Thesis
Publicat: San José: Universidad de Costa Rica
Etiquetes: Afegir etiqueta
Sense etiquetes, Sigues el primer a etiquetar aquest registre!

MARC

LEADER 00000 a a2200000 04500
001 21485
003
040 |a CRAI/IIS  |c CRAI/IIS 
090 |a 09487.00  
100 |a Melesio Nolasco, María Soledad  
245 |a Influencia de la propaganda de radio en una comunidad costarricense /  |c María Soledad Melesio Nolasco  
260 |a San José:   |b Universidad de Costa Rica  
300 |a 247 páginas  
502 |a Tesis (Licenciada en Sociología) -- Universidad de Costa Rica. Facultad de Ciencias Sociales. Escuela de Antropología y Sociología, 1979  
999 |c 17966  |d 17966